Retrouvez ces films grâce à leur antagoniste - Statistiques

Statistiques générales
  • Ce quiz a été pris 58 fois
  • Le résultat moyen est 12 sur 24
Statistiques - réponses
Par images Réponse % Correct
Harry Potter
96%
Star wars
96%
Avengers
87%
Gladiator
87%
Matrix
85%
Alien
83%
Terminator
83%
Fight club
79%
The dark knight
64%
Le silence des agneaux
62%
Retour vers le futur
62%
Django unchained
55%
The revenant
42%
La ligne verte
38%
Leon
36%
No Country for Old Men
34%
Inglourious basterds
30%
Rocky IV
25%
Misery
23%
Piège de cristal
15%
Ocean's eleven
11%
Goldeneye
6%
Kickboxer
4%
Evasion
0%
Aucun quiz correspondant
Distribution des résultats
% des personnes avec chaque résultat
Percentile par nombre de réponses
Votre historique - résultats
Vous n’avez pas pris ce quiz